[Event "ICS rated blitz match"]
[Site "204.178.125.65"]
[Date "2000.09.01"]
[Round "?"]
[White "Hossa"]
[Black "PostModernist"]
[Result "0-1"]
[WhiteElo "2488"]
[BlackElo "2692"]
[PlyCount "116"]
[EventDate "2000.??.??"]

1. e4 e6 2. d4 d5 3. e5 c5 4. c3 Nc6 5. Nf3 Bd7 6. a3 c4 7. Be2 Na5 8. Nbd2 Bc6
9. O-O Qd7 10. a4 Be7 11. h3 Nh6 12. Ra2 O-O 13. Nb1 Nf5 14. g4 Nh4 15. Nxh4
Bxh4 16. Nd2 b6 17. Qc2 a6 18. Rd1 Rfb8 19. f4 Be7 20. g5 Rc8 21. h4 Kh8 22.
Ra1 Re8 23. h5 h6 24. gxh6 gxh6 25. Kh1 Rg8 26. Rf1 f5 27. Bf3 Bh4 28. Rg1
Rxg1+ 29. Kxg1 Rg8+ 30. Bg2 Qe8 31. Qd1 Rg4 32. Nf3 Nb3 33. Rb1 Qxh5 34. a5
bxa5 35. Qc2 Nxc1 36. Rxc1 Rxf4 37. Nxh4 Qxh4 38. Qd2 Qg5 39. Qc2 h5 40. Ra1 h4
41. Kh1 Qg3 42. Qc1 h3 43. Bf1 Kh7 44. Qxf4 Qxf4 45. Bxh3 Qh6 46. Kg2 Qd2+ 47.
Kh1 a4 48. Rg1 Qxb2 49. Bxf5+ exf5 50. Rg3 a3 51. Rh3+ Kg6 52. Rg3+ Kh5 53. Rf3
Kg4 54. Re3 Qc1+ 55. Kh2 Qxe3 56. Kg2 a2 57. Kf1 a1=Q+ 58. Kg2 Qg3# {
Hossa checkmated} 0-1

[Event "ICS rated bullet match"]
[Site "204.178.125.65"]
[Date "2000.09.01"]
[Round "?"]
[White "PostModernist"]
[Black "Hossa"]
[Result "1-0"]
[WhiteElo "2529"]
[BlackElo "2484"]
[PlyCount "101"]
[EventDate "2000.??.??"]

1. e4 Nc6 2. Nf3 f5 3. exf5 d5 4. Bb5 Bxf5 5. Ne5 Qd6 6. d4 Bd7 7. Bxc6 Bxc6 8.
O-O Nh6 9. Bxh6 Qxh6 10. Re1 a5 11. Nc3 Qf6 12. Nxc6 bxc6 13. Qg4 h5 14. Qg3
O-O-O 15. Qh3+ Kb7 16. Rad1 Qg6 17. Re2 Qf6 18. Na4 e5 19. Qb3+ Ka8 20. dxe5
Qf4 21. c3 Re8 22. Rxd5 Qc1+ 23. Rd1 Qf4 24. g3 Qg4 25. Re3 h4 26. Rd5 cxd5 27.
Qxd5+ Ka7 28. Qxa5+ Kb8 29. Qb5+ Ka7 30. Re1 Re6 31. Qd7 Kb7 32. Qd5+ Ka7 33.
Re4 Qf5 34. g4 Rg6 35. h3 Qf3 36. Nc5 Bxc5 37. Ra4+ Kb6 38. Qxf3 Rf8 39. Qd3
Bxf2+ 40. Kh1 Kb7 41. Qe4+ Rc6 42. Qb4+ Bb6 43. Qxf8 Ba7 44. Rb4+ Bb6 45. Qf3
g5 46. e6 Kc8 47. Qxc6 Kb8 48. Rb5 Ka7 49. e7 Ka6 50. e8=Q Ka7 51. Qea8# {
Hossa checkmated} 1-0

[Event "ICS rated blitz match"]
[Site "204.178.125.65"]
[Date "2000.09.01"]
[Round "?"]
[White "PostModernist"]
[Black "Hossa"]
[Result "1-0"]
[WhiteElo "2700"]
[BlackElo "2480"]
[PlyCount "165"]
[EventDate "2000.??.??"]

1. e4 e6 2. d4 d6 3. Bd3 c5 4. Nf3 cxd4 5. Nxd4 Nc6 6. Be3 Nxd4 7. Bxd4 d5 8.
O-O dxe4 9. Bxe4 Nf6 10. Qd3 Nxe4 11. Qxe4 Qd5 12. Qe3 b6 13. Nc3 Qf5 14. Ne4
Rg8 15. c4 Ba6 16. Rfc1 Rd8 17. f3 Be7 18. g4 Qa5 19. b3 Bb7 20. Kh1 h5 21. Bc3
Bb4 22. Bxb4 Qxb4 23. gxh5 Rh8 24. Rd1 Qe7 25. Rxd8+ Qxd8 26. Rg1 Bxe4 27. Qxe4
Kf8 28. Qe5 f6 29. Qg3 Rg8 30. h6 g5 31. h4 Kf7 32. Qg4 Qd3 33. Qh3 Qd2 34.
hxg5 fxg5 35. f4 gxf4 36. Qh5+ Kf8 37. Rxg8+ Kxg8 38. Qg6+ Kf8 39. Qf6+ Ke8 40.
Qxe6+ Kf8 41. Qf5+ Ke7 42. Qe5+ Kf7 43. Qd5+ Qxd5+ 44. cxd5 f3 45. d6 Ke6 46.
h7 Kxd6 47. h8=Q b5 48. Qd4+ Ke6 49. Qxa7 Kf5 50. Qd7+ Kf4 51. Qxb5 Ke3 52. Qf5
Kd4 53. Qxf3 Ke5 54. Qf4+ Ke6 55. Qf5+ Ke7 56. Qe6+ Kxe6 57. a3 Kf6 58. a4 Ke7
59. a5 Kd8 60. a6 Kc8 61. b4 Kb8 62. b5 Ka7 63. Kh2 Kb6 64. Kh3 Ka7 65. Kg2 Kb6
66. Kf2 Ka7 67. Kf3 Kb6 68. Kf4 Ka7 69. Ke3 Kb6 70. Kd4 Ka7 71. Kd5 Kb6 72. Kd6
Ka7 73. Kc5 Kb8 74. b6 Kc8 75. a7 Kb7 76. a8=Q+ Kxa8 77. Kc6 Kb8 78. b7 Ka7 79.
Kc7 Ka6 80. b8=Q Ka5 81. Qb3 Ka6 82. Qd5 Ka7 83. Qa2# {Hossa checkmated} 1-0

[Event "ICS Rated standard match"]
[Site "204.178.125.65"]
[Date "2000.09.01"]
[Round "?"]
[White "Hossa"]
[Black "Bootemout"]
[Result "0-1"]
[WhiteElo "2356"]
[BlackElo "2064"]
[PlyCount "200"]
[EventDate "2000.??.??"]

1. e4 c6 2. Nc3 d5 3. d4 dxe4 4. Nxe4 Nf6 5. Nxf6+ exf6 6. Nf3 Bd6 7. Be2 O-O
8. O-O Re8 9. Re1 Nd7 10. c4 Nf8 11. Bd3 Bg4 12. Rxe8 Qxe8 13. Be3 Qd7 14. d5
cxd5 15. cxd5 Ng6 16. h3 Bxf3 17. Qxf3 Ne5 18. Qf5 Qxf5 19. Bxf5 Nc4 20. Rc1
Nxe3 21. fxe3 g6 22. Bc8 Rb8 23. Kf2 Kf8 24. e4 Ke7 25. h4 Kd8 26. Bg4 Be5 27.
b4 Bd6 28. a3 Be5 29. Rd1 Ke7 30. Bh3 Kd6 31. g3 Bb2 32. Rd3 Re8 33. Kf3 Re7
34. a4 Rc7 35. b5 Rc4 36. a5 b6 37. axb6 axb6 38. Bf1 Bd4 39. Rd2 Rb4 40. Bd3
Rb3 41. Kg2 Bc5 42. h5 Ke5 43. Kh3 Ra3 44. Bc2 Bd6 45. Rd1 Re3 46. h6 Re2 47.
Bd3 Re3 48. Bb1 Rb3 49. Bd3 Ra3 50. Bc2 Rc3 51. Bb1 Rc5 52. Bd3 Kd4 53. Bb1+
Ke3 54. Bd3 Rc3 55. Bb1 Ke2 56. Rg1 Rf3 57. Rg2+ Ke3 58. Rg1 Kf2 59. Rg2+ Ke3
60. Rg1 Kd4 61. Rg2 Rf1 62. Ba2 Rh1+ 63. Rh2 Rxh2+ 64. Kxh2 Kxe4 65. Kg2 f5 66.
Bb1+ Kd4 67. Kf3 Kc5 68. Ba2 Kxb5 69. Bb3 Kc5 70. Ba2 Kd4 71. Bb3 b5 72. Kf2
Kc3 73. Bd1 b4 74. Ke3 Bxg3 75. d6 Bxd6 76. Bf3 b3 77. Bd5 b2 78. Ba2 Bf8 79.
Bb1 Bxh6+ 80. Ke2 Bc1 81. Kd1 h5 82. Ke2 h4 83. Kf3 Bg5 84. Ke2 h3 85. Kf2 h2
86. Kg2 Bf4 87. Kh1 Kd2 88. Kg2 Kc1 89. Ba2 b1=Q 90. Bxb1 Kxb1 91. Kh1 g5 92.
Kg2 f6 93. Kh1 Kc1 94. Kg2 Kd1 95. Kf1 h1=Q+ 96. Kf2 Qh2+ 97. Kf1 Qe2+ 98. Kg1
Be3+ 99. Kh1 Qf1+ 100. Kh2 Bf4# {Hossa checkmated} 0-1

[Event "ICS rated blitz match"]
[Site "204.178.125.65"]
[Date "2000.09.01"]
[Round "?"]
[White "Hossa"]
[Black "Colorado"]
[Result "0-1"]
[WhiteElo "2473"]
[BlackElo "2661"]
[PlyCount "106"]
[EventDate "2000.??.??"]

1. e4 e5 2. Bc4 Nf6 3. d3 c6 4. Nf3 Be7 5. Nc3 d6 6. d4 Nbd7 7. O-O O-O 8. Bg5
h6 9. Be3 Ng4 10. Bd2 Nb6 11. Bb3 exd4 12. Nxd4 Ne5 13. Bf4 c5 14. Nde2 c4 15.
Ba4 Ng6 16. Be3 Nxa4 17. Nxa4 Re8 18. Nac3 Bf6 19. Qd5 Be6 20. Qxb7 Rb8 21.
Qxa7 Rxb2 22. Bd4 Bh4 23. Rab1 Rxc2 24. Qa4 Rd2 25. Be3 Rd3 26. Rb7 Bf6 27. Qb4
Be5 28. Rb1 Qf6 29. Nb5 Qh4 30. Ng3 Re7 31. Rb8+ Kh7 32. a4 c3 33. Nd4 Bxd4 34.
Bxd4 c2 35. Re1 Rd1 36. Bb2 Nf4 37. Rf1 Rxf1+ 38. Kxf1 Qxh2 39. Qc3 Qxg2+ 40.
Ke1 Qg1+ 41. Nf1 Bf5 42. Rb4 Bxe4 43. Qg3 Bg6+ 44. Kd2 Qxf1 45. Qxg6+ Kxg6 46.
Rxf4 Re2+ 47. Kd3 Rxf2+ 48. Kc3 c1=Q+ 49. Bxc1 Qxc1+ 50. Kd4 Qxf4+ 51. Kc3 d5
52. Kb3 Qc4+ 53. Ka3 Ra2# {Hossa checkmated} 0-1

[Event "ICS rated standard match"]
[Site "204.178.125.65"]
[Date "2000.09.01"]
[Round "?"]
[White "Theaetetus"]
[Black "Hossa"]
[Result "0-1"]
[WhiteElo "2405"]
[BlackElo "2329"]
[PlyCount "36"]
[EventDate "2000.??.??"]

1. c4 Nf6 2. Nc3 c5 3. g3 d5 4. cxd5 Nxd5 5. Bg2 Nc7 6. d3 e5 7. Be3 Nc6 8.
Bxc6+ bxc6 9. Qa4 Bd7 10. Nf3 f6 11. Rc1 Qb8 12. b3 Qb4 13. Qxb4 cxb4 14. Na4
Nd5 15. Bc5 Bxc5 16. Rxc5 Nb6 17. Ra5 Nxa4 18. Rxa4 a5 {Theaetetus resigns} 0-1

[Event "ICS rated standard match"]
[Site "204.178.125.65"]
[Date "2000.09.01"]
[Round "?"]
[White "Farnum"]
[Black "Hossa"]
[Result "0-1"]
[WhiteElo "2139"]
[BlackElo "2348"]
[PlyCount "80"]
[EventDate "2000.??.??"]

1. e4 e5 2. Nf3 Nc6 3. Bb5 a6 4. Ba4 Nf6 5. O-O b5 6. Bb3 Nxe4 7. d4 exd4 8.
Re1 d5 9. Nc3 dxc3 10. Bxd5 Bb7 11. Bxe4 Be7 12. Qe2 cxb2 13. Bxb2 Kf8 14. Rad1
Bd6 15. Nd4 Nxd4 16. Bxd4 Qh4 17. g3 Qxe4 18. Qxe4 Bxe4 19. Rxe4 f6 20. Kg2 Kf7
21. Kf3 Rhe8 22. Rde1 Rxe4 23. Rxe4 c5 24. Bc3 b4 25. Bd2 Rd8 26. Ke2 f5 27.
Rc4 a5 28. Be3 h6 29. c3 Ke6 30. cxb4 axb4 31. h4 Kd5 32. Rc2 c4 33. Rd2+ Kc6
34. h5 c3 35. Rc2 Kb5 36. Bd4 Bf8 37. Be5 Re8 38. f4 Bd6 39. Kf3 Bxe5 40. Re2
Rc8 {Farnum resigns} 0-1

[Event "ICS rated blitz match"]
[Site "204.178.125.65"]
[Date "2000.09.01"]
[Round "?"]
[White "Hossa"]
[Black "LoadedGun"]
[Result "1-0"]
[WhiteElo "2465"]
[BlackElo "2348"]
[PlyCount "149"]
[EventDate "2000.??.??"]

1. e4 e5 2. Nf3 Nf6 3. d4 d6 4. dxe5 Nxe4 5. Qd5 Nc5 6. Bg5 Be7 7. exd6 cxd6 8.
Bb5+ Bd7 9. Nc3 h6 10. Bf4 Bxb5 11. Nxb5 Qa5+ 12. Nc3 Qb4 13. Bc1 Na4 14. O-O
Nc6 15. Nb5 O-O 16. Re1 Nb6 17. Qb3 Qxb3 18. axb3 a6 19. Nc3 Bf6 20. Ne4 Be7
21. Bf4 Rad8 22. Rad1 Nc8 23. c4 g5 24. Bc1 Kh7 25. Nc3 Rfe8 26. h3 Na5 27. Nd2
Nb6 28. Re2 Rc8 29. Rde1 Rc7 30. b4 Nc6 31. c5 dxc5 32. bxc5 Nc8 33. Nd5 Rd7
34. Nf6+ Bxf6 35. Rxe8 Rd8 36. g3 Be7 37. Rxd8 Nxd8 38. Nb3 Ne6 39. Be3 h5 40.
Rd1 f5 41. Rd5 f4 42. Re5 fxe3 43. Rxe6 exf2+ 44. Kxf2 h4 45. gxh4 gxh4 46. Kf3
Kg7 47. Re4 Kf7 48. Rb4 Na7 49. Rxb7 Nc6 50. Ke4 a5 51. Kd5 Nb4+ 52. Kc4 Nc6
53. Kb5 Nd8 54. Ra7 a4 55. Nd4 Kf6 56. Rxa4 Kg5 57. c6 Nxc6 58. Nxc6 Bf6 59.
Rg4+ Kh6 60. b4 Bg5 61. Rxg5 Kxg5 62. Kc5 Kf4 63. b5 Kg3 64. Ne5 Kxh3 65. Nf3
Kg4 66. Nxh4 Kxh4 67. b6 Kg3 68. b7 Kg4 69. b8=Q Kf3 70. Kd4 Kg4 71. Ke4 Kg5
72. Qb6 Kh4 73. Qg6 Kh3 74. Kf3 Kh2 75. Qg2# 1-0

[Event "ICS rated blitz match"]
[Site "204.178.125.65"]
[Date "2000.09.01"]
[Round "?"]
[White "counterplay"]
[Black "Hossa"]
[Result "1-0"]
[WhiteElo "2752"]
[BlackElo "2470"]
[PlyCount "65"]
[EventDate "2000.??.??"]

1. c4 e5 2. Nc3 Nf6 3. Nf3 Nc6 4. g3 Bb4 5. Nd5 Bc5 6. Bg2 d6 7. O-O O-O 8. d3
Nxd5 9. cxd5 Nd4 10. Nxd4 Bxd4 11. e3 Bb6 12. f4 f6 13. Bd2 Bd7 14. Kh1 Bb5 15.
Qc2 Qe7 16. fxe5 fxe5 17. a4 Rxf1+ 18. Rxf1 Rf8 19. Rxf8+ Qxf8 20. axb5 Qf2 21.
Qc1 h6 22. Be4 g5 23. Bg2 Bc5 24. b3 Bb6 25. Qf1 Qxd2 26. Bh3 g4 27. Bxg4 Kg7
28. Be6 Qc1 29. Qxc1 h5 30. Qf1 h4 31. Qf7+ Kh6 32. Bf5 Bxe3 33. Qg6# {
Hossa checkmated} 1-0

[Event "ICS rated blitz match"]
[Site "204.178.125.65"]
[Date "2000.09.01"]
[Round "?"]
[White "Hossa"]
[Black "MissSilicon"]
[Result "0-1"]
[WhiteElo "2465"]
[BlackElo "2685"]
[PlyCount "96"]
[EventDate "2000.??.??"]

1. e4 e5 2. Nf3 Nc6 3. Nc3 Nf6 4. Nxe5 Nxe5 5. d4 Ng6 6. e5 Ng8 7. Bc4 c6 8.
Qf3 d5 9. exd6 Be6 10. Bxe6 fxe6 11. Ne4 Bxd6 12. Qb3 N8e7 13. O-O Bc7 14. Nc5
Qd6 15. g3 e5 16. Qxb7 O-O 17. Qb3+ Nd5 18. c4 Nf6 19. Na6 Ba5 20. c5+ Qd5 21.
Qa3 Bd8 22. Nb4 Qe4 23. Qb3+ Rf7 24. Qe3 exd4 25. Qxe4 Nxe4 26. Nxc6 Bf6 27.
Kg2 Rc8 28. Nb4 a5 29. f3 Nxc5 30. Nc2 Re7 31. Kg1 d3 32. Na3 Re2 33. Nb1 Nb7
34. Nc3 Bd4+ 35. Kh1 Bxc3 36. bxc3 Rxc3 37. h4 Rcc2 38. Bd2 Rexd2 39. Rfe1 Rh2+
40. Kg1 Rcg2+ 41. Kf1 Rxg3 42. Re8+ Kf7 43. Rb8 Nd6 44. Ra8 Nxh4 45. Ra7+ Kf6
46. Rf7+ Nxf7 47. f4 Rh1+ 48. Kf2 Rf3# {Hossa checkmated} 0-1

[Event "ICS rated blitz match"]
[Site "204.178.125.65"]
[Date "2000.09.01"]
[Round "?"]
[White "PostModernist"]
[Black "Hossa"]
[Result "0-1"]
[WhiteElo "2720"]
[BlackElo "2458"]
[PlyCount "156"]
[EventDate "2000.??.??"]

1. e4 e5 2. Bc4 Nf6 3. d3 c6 4. Nf3 Be7 5. O-O d5 6. Bb3 Bg4 7. h3 Bh5 8. g4
dxe4 9. dxe4 Qxd1 10. Rxd1 Bg6 11. Nxe5 Nxe4 12. Re1 Nc5 13. Bc4 Nbd7 14. Nxg6
hxg6 15. Kg2 Nb6 16. Na3 Rd8 17. Bg5 f6 18. Be3 Nca4 19. b3 Kf8 20. bxa4 Bxa3
21. Rad1 Rxd1 22. Rxd1 Ke7 23. Bd3 Nd5 24. Bxg6 Nxe3+ 25. fxe3 Rd8 26. Rxd8
Kxd8 27. Kf3 Bb4 28. h4 Be1 29. h5 Kc7 30. Kf4 Bd2 31. Ke4 c5 32. Kd3 Be1 33.
Bf7 b6 34. Ke4 Bd2 35. Bc4 Kd6 36. Bd3 Kc7 37. Be2 Kd7 38. Bb5+ Kd6 39. Ba6 Kd7
40. Be2 Ke7 41. Bf1 Kd7 42. Kf4 Kc7 43. Bg2 Kd6 44. c4 Kd7 45. Bd5 a6 46. a5
Bxa5 47. Bb7 Bd2 48. Bxa6 Kc7 49. Bb5 Kb8 50. Bc6 Kc7 51. Be4 Kd7 52. Bd5 Kd8
53. Ba8 Kd7 54. Bb7 Kc7 55. Bf3 Kd7 56. Be4 Kd6 57. Bf3 Kd7 58. Bd1 Kc8 59. Bc2
Kc7 60. Ke4 Kc8 61. Kd5 Kc7 62. e4 Bf4 63. Ke6 Be3 64. e5 fxe5 65. Kf7 e4 66.
Kxg7 Bd4+ 67. Kf7 e3 68. Bd1 b5 69. cxb5 c4 70. Ke6 c3 71. Kd5 Bg7 72. h6 Bxh6
73. b6+ Kxb6 74. a3 Bg7 75. Ke6 c2 76. Bxc2 e2 77. Kf7 e1=Q 78. Bf5 Bb2 0-1

[Event "ICS rated blitz match"]
[Site "204.178.125.65"]
[Date "2000.09.01"]
[Round "?"]
[White "Hossa"]
[Black "PostModernist"]
[Result "1/2-1/2"]
[WhiteElo "2484"]
[BlackElo "2694"]
[PlyCount "155"]
[EventDate "2000.??.??"]

1. e4 e5 2. Nf3 Nf6 3. d4 c6 4. dxe5 Nxe4 5. Qd4 Nc5 6. Bg5 Ne6 7. Bxd8 Nxd4 8.
Nxd4 Kxd8 9. Nd2 d5 10. exd6 Bxd6 11. O-O-O Bd7 12. Bc4 Re8 13. N2f3 Ke7 14.
Rhe1+ Kf8 15. Rxe8+ Kxe8 16. Re1+ Kf8 17. g3 f6 18. Ne6+ Bxe6 19. Rxe6 Bc5 20.
Re2 Nd7 21. Be6 Re8 22. Kd1 Nb6 23. Bb3 Rd8+ 24. Kc1 g6 25. Ne1 Bd6 26. Be6 Kg7
27. c3 h5 28. Kc2 a5 29. f4 a4 30. Nd3 a3 31. Re1 axb2 32. Nxb2 Kh6 33. Rd1 g5
34. fxg5+ fxg5 35. a4 Bc7 36. Rf1 Be5 37. Rf7 Rb8 38. a5 Nd5 39. Nd3 Bh8 40.
Nc5 Nxc3 41. Bf5 Bg7 42. Ne6 Nd5 43. Nxg7 Rg8 44. Ne6 Ne3+ 45. Kc3 Nxf5 46.
Rxf5 Re8 47. Rf6+ Kh7 48. a6 bxa6 49. Nxg5+ Kg7 50. Rxc6 Re2 51. Rxa6 Rxh2 52.
Kd4 Rh1 53. Ra7+ Kg6 54. Ne4 h4 55. g4 h3 56. Ra2 h2 57. Ra6+ Kg7 58. Ng3 Rg1
59. Ra7+ Kg6 60. Ra6+ Kf7 61. Rh6 Rxg3 62. Rxh2 Rxg4+ 63. Ke3 Kg8 64. Rh1 Rg2
65. Rf1 Kh8 66. Rh1+ Kg7 67. Rf1 Rg5 68. Rh1 Kf7 69. Rf1+ Kg8 70. Rh1 Rg6 71.
Rf1 Kg7 72. Re1 Kg8 73. Rf1 Rg7 74. Re1 Kf7 75. Rf1+ Kg8 76. Re1 Kf7 77. Rf1+
Kg8 78. Re1 1/2-1/2

[Event "ICS Rated standard match"]
[Site "204.178.125.65"]
[Date "2000.09.01"]
[Round "?"]
[White "Hossa"]
[Black "MAUDEVAN"]
[Result "1-0"]
[WhiteElo "2351"]
[BlackElo "2034"]
[PlyCount "30"]
[EventDate "2000.??.??"]

1. e4 d5 2. exd5 Nf6 3. Bb5+ Bd7 4. Bc4 Bg4 5. f3 Bc8 6. Nc3 Nbd7 7. Qe2 Nb6 8.
d4 Nbxd5 9. Nxd5 Nxd5 10. c3 Bf5 11. g4 Bg6 12. f4 h6 13. Nf3 Qd6 14. Ne5 O-O-O
15. f5 f6 {MAUDEVAN resigns} 1-0

[Event "ICS rated blitz match"]
[Site "204.178.125.65"]
[Date "2000.09.01"]
[Round "?"]
[White "Lippy"]
[Black "Hossa"]
[Result "1-0"]
[WhiteElo "2763"]
[BlackElo "2493"]
[PlyCount "117"]
[EventDate "2000.??.??"]

1. e4 e5 2. f4 exf4 3. Nf3 g5 4. h3 Nc6 5. d4 Qe7 6. Nc3 d6 7. Qd3 Nf6 8. Nxg5
Rg8 9. h4 h6 10. Nf3 Bf5 11. Bxf4 O-O-O 12. O-O-O Nxe4 13. Re1 Ng3 14. Qd2 Nxf1
15. Rhxf1 Qf6 16. d5 Nb4 17. Nb5 Nxa2+ 18. Kb1 Bd7 19. Nxa7+ Kb8 20. Be3 Bg7
21. Bd4 Qg6 22. Bg1 Qg4 23. Kxa2 Qa4+ 24. Kb1 Rde8 25. Rxe8+ Rxe8 26. Nd4 Re7
27. Rf4 Bxd4 28. Bxd4 Qa6 29. Qb4 Qe2 30. Nc6+ Bxc6 31. dxc6 b6 32. g3 Qd1+ 33.
Ka2 Qxc2 34. Bxb6 Qxc6 35. Bxc7+ Kxc7 36. Rc4 Rd7 37. Rxc6+ Kxc6 38. Qf4 Ra7+
39. Kb3 Ra5 40. Qf3+ Kb6 41. Qxf7 h5 42. Qd7 Rd5 43. g4 hxg4 44. Qxg4 Ka7 45.
Qc4 Rd1 46. Ka2 Re1 47. Qc7+ Ka6 48. Qxd6+ Kb5 49. Qd3+ Kb6 50. Qb3+ Ka7 51.
Qa4+ Kb8 52. Qb4+ Kc7 53. Qxe1 Kb7 54. Qc3 Kb8 55. Qg7 Kc8 56. h5 Kd8 57. h6
Ke8 58. h7 Kd8 59. h8=Q# {Hossa checkmated} 1-0

[Event "ICS rated standard match"]
[Site "204.178.125.65"]
[Date "2000.09.01"]
[Round "?"]
[White "Esen"]
[Black "Hossa"]
[Result "0-1"]
[WhiteElo "1926"]
[BlackElo "2358"]
[PlyCount "24"]
[EventDate "2000.??.??"]

1. d4 Nf6 2. Bf4 e6 3. Bg5 c5 4. Bxf6 Qxf6 5. c3 cxd4 6. cxd4 d5 7. e3 Bd6 8.
f4 Nc6 9. a3 g5 10. g3 gxf4 11. gxf4 Qh4+ 12. Kd2 Bxf4 0-1

[Event "ICS rated standard match"]
[Site "204.178.125.65"]
[Date "2000.09.01"]
[Round "?"]
[White "Hossa"]
[Black "Esen"]
[Result "1-0"]
[WhiteElo "2360"]
[BlackElo "1924"]
[PlyCount "62"]
[EventDate "2000.??.??"]

1. e4 c6 2. d4 d5 3. e5 Bf5 4. Nc3 e6 5. g4 Bg6 6. Nge2 Bb4 7. Bg2 Bxc3+ 8.
Nxc3 Ne7 9. O-O O-O 10. h4 h6 11. h5 Bh7 12. f4 Nd7 13. Be3 b5 14. a4 a6 15.
axb5 axb5 16. Rxa8 Qxa8 17. Qd2 Nb6 18. b3 Qb7 19. g5 Bf5 20. Kh1 Ra8 21. gxh6
gxh6 22. Bf3 Kh7 23. Ne2 Rg8 24. Bf2 Bg4 25. Bxg4 Rxg4 26. Qd1 Nf5 27. Nc1 Rg8
28. Qf3 Qa8 29. Ne2 Nc8 30. Qd3 Nce7 31. Bh4 Kh8 {Esen resigns} 1-0

[Event "ICS rated standard match"]
[Site "204.178.125.65"]
[Date "2000.09.01"]
[Round "?"]
[White "Bootemout"]
[Black "Hossa"]
[Result "0-1"]
[WhiteElo "2072"]
[BlackElo "2362"]
[PlyCount "88"]
[EventDate "2000.??.??"]

1. d4 d5 2. Nf3 Nf6 3. Bf4 Nc6 4. h3 e6 5. e3 Bd6 6. Bxd6 cxd6 7. Nbd2 O-O 8.
Be2 e5 9. O-O Bf5 10. c3 Qc7 11. Nh4 Bd7 12. Nhf3 Be6 13. Qa4 e4 14. Nh2 h5 15.
Qd1 Qb6 16. Rb1 h4 17. f4 Ne7 18. Qe1 Nf5 19. Bg4 Nxg4 20. hxg4 Ng3 21. Rf2 f5
22. g5 Bd7 23. Ndf1 Qa5 24. a3 Bb5 25. Rd2 Qd8 26. Nxg3 hxg3 27. Qxg3 Qe8 28.
Qh3 Rc8 29. Kf2 Bc4 30. Rh1 Qg6 31. g4 Qxg5 32. Ke1 Qf6 33. gxf5 Qxf5 34. Ng4
Bf1 35. Rxf1 Rc7 36. Rg2 Qh7 37. Qg3 Kf7 38. Rh1 Qxh1+ 39. Kf2 Rh8 40. Ne5+ Kg8
41. Ng6 Rh3 42. Qg4 Rf3+ 43. Ke2 Qf1+ 44. Kd2 Qd3+ {Bootemout resigns} 0-1

[Event "ICS rated standard match"]
[Site "204.178.125.65"]
[Date "2000.09.02"]
[Round "?"]
[White "Hossa"]
[Black "Bootemout"]
[Result "1-0"]
[WhiteElo "2367"]
[BlackElo "2067"]
[PlyCount "67"]
[EventDate "2000.??.??"]

1. e4 c6 2. d4 d5 3. Nc3 dxe4 4. Nxe4 Nf6 5. Nxf6+ exf6 6. Bc4 Be7 7. Ne2 O-O
8. O-O Bd6 9. Bf4 Bg4 10. Qd2 a5 11. Rfe1 a4 12. Ng3 Na6 13. f3 Bc8 14. Bxd6
Qxd6 15. Ne4 Qb4 16. Bxa6 Qxd2 17. Nxd2 Rxa6 18. Re7 b5 19. Ne4 Be6 20. Nc5
Raa8 21. Nxe6 fxe6 22. Rxe6 Rac8 23. Rae1 Rfd8 24. c3 c5 25. dxc5 Rxc5 26. a3
Rd2 27. R1e2 Rcd5 28. Kf2 Rd1 29. Re8+ Kf7 30. R2e7+ Kg6 31. Rg8 R1d2+ 32. Ke3
R2d3+ 33. Kf4 Rf5+ 34. Ke4 1-0

[Event "ICS rated blitz match"]
[Site "204.178.125.65"]
[Date "2000.09.02"]
[Round "?"]
[White "PostModernist"]
[Black "Hossa"]
[Result "1-0"]
[WhiteElo "2702"]
[BlackElo "2487"]
[PlyCount "140"]
[EventDate "2000.??.??"]

1. d4 d5 2. Nf3 Nf6 3. e3 e6 4. Bd3 c5 5. c3 Nbd7 6. Nbd2 Bd6 7. O-O O-O 8. Re1
Qc7 9. e4 cxd4 10. cxd4 dxe4 11. Nxe4 Nxe4 12. Rxe4 Nf6 13. Re1 Nd5 14. Bd2 Nf4
15. Bxf4 Bxf4 16. g3 Bh6 17. Qe2 Bd7 18. Qe4 g6 19. Ne5 Rac8 20. d5 exd5 21.
Qxd5 Bh3 22. Rad1 b6 23. Qc4 Qb7 24. Qe4 Qxe4 25. Bxe4 Rcd8 26. Bd5 Bg5 27. Nc6
Rd7 28. b4 Bf6 29. Bg2 Rxd1 30. Rxd1 Be6 31. Nxa7 Bxa2 32. Rd6 Be6 33. Rxb6 Rd8
34. Bf3 Bh3 35. Rc6 h5 36. Rc1 Rd2 37. Rd1 Rb2 38. b5 Be7 39. Bg2 Bc5 40. Bxh3
Bxf2+ 41. Kh1 Bxa7 42. Bf1 Bc5 43. Bc4 Kg7 44. Rd7 Rf2 45. Bd5 Be3 46. Re7 Rf1+
47. Kg2 Rf5 48. Bc4 Bb6 49. h4 Rf2+ 50. Kh3 Kf8 51. Rb7 Bd4 52. Bb3 Be5 53. Bd5
Kg7 54. b6 Bd4 55. Rb8 Rb2 56. b7 Bg1 57. Bg2 g5 58. hxg5 Bc5 59. Rd8 Be7 60.
b8=Q Rxb8 61. Rxb8 Bxg5 62. Bf3 f5 63. Bxh5 Be3 64. Rb3 Bd4 65. Rf3 Kf6 66. Bg4
Ke5 67. Rxf5+ Kd6 68. Kg2 Be3 69. Bf3 Ke6 70. g4 Kd7 1-0

[Event "ICS rated blitz match"]
[Site "204.178.125.65"]
[Date "2000.09.02"]
[Round "?"]
[White "Hossa"]
[Black "PostModernist"]
[Result "0-1"]
[WhiteElo "2480"]
[BlackElo "2710"]
[PlyCount "140"]
[EventDate "2000.??.??"]

1. e4 c5 2. Nf3 g6 3. d4 Bg7 4. dxc5 Nf6 5. e5 Ng4 6. e6 dxe6 7. Qxd8+ Kxd8 8.
Ng5 Ke8 9. Be2 Nf6 10. Nd2 Nc6 11. O-O e5 12. Bc4 h6 13. Nge4 Bf5 14. Re1 Rd8
15. Nxf6+ exf6 16. c3 Kf8 17. b4 Kg8 18. b5 Na5 19. Bf1 Bf8 20. c6 bxc6 21.
bxc6 Nxc6 22. Bb5 Na5 23. Nf1 Bc5 24. Be3 Bb6 25. Rac1 Be6 26. c4 Bxe3 27. fxe3
Kg7 28. Rc2 Nb7 29. Ng3 Nc5 30. Bc6 Rc8 31. Bd5 Nd3 32. Ree2 Rhd8 33. Bxe6 fxe6
34. Red2 f5 35. Ne2 e4 36. Nd4 Kf6 37. Nb3 f4 38. exf4 e3 39. Re2 Nb4 40. Rc1
Rxc4 41. Rf1 Rd3 42. Nc1 Rdc3 43. Nb3 Nd5 44. g3 Rc2 45. Rfe1 Rxe2 46. Rxe2 e5
47. fxe5+ Kxe5 48. Kf1 Rc7 49. Nd2 Kd4 50. Nf3+ Ke4 51. Ne1 g5 52. Rb2 g4 53.
a3 Rc3 54. Nc2 a5 55. Ra2 Rd3 56. Ne1 Rd2 57. Ra1 Nc3 58. Kg1 e2 59. Rc1 Kd4
60. Rxc3 Kxc3 61. Kf2 Kb2 62. Ke3 Kc1 63. Kf2 Kd1 64. Ke3 Kxe1 65. Kf4 Kd1 66.
Kxg4 e1=Q 67. Kf5 Rf2+ 68. Kg6 Qe6+ 69. Kg7 Rf7+ 70. Kh8 Qe8# 0-1

[Event "ICS rated standard match"]
[Site "204.178.125.65"]
[Date "2000.09.02"]
[Round "?"]
[White "Esen"]
[Black "Hossa"]
[Result "0-1"]
[WhiteElo "1922"]
[BlackElo "2372"]
[PlyCount "64"]
[EventDate "2000.??.??"]

1. d4 d5 2. Bf4 Nf6 3. e3 e6 4. Bg5 c5 5. Bxf6 Qxf6 6. Qf3 Be7 7. Qxf6 Bxf6 8.
c3 O-O 9. f4 cxd4 10. cxd4 Nc6 11. a3 Bd7 12. Nf3 Rfc8 13. Nc3 Na5 14. Nd2 Bh4+
15. g3 Be7 16. Bd3 Rab8 17. Rc1 b5 18. b4 Nc4 19. Nxc4 bxc4 20. Bc2 a5 21. bxa5
Bxa3 22. Rb1 Rxb1+ 23. Bxb1 Bb4 24. Kd2 Bxa5 25. Bc2 f5 26. Rb1 Bc6 27. Bd1 Kf7
28. Bh5+ g6 29. Bd1 Ra8 30. Bc2 Ke7 31. Bd1 Bxc3+ 32. Kxc3 Ra3+ 0-1

[Event "ICS rated standard match"]
[Site "204.178.125.65"]
[Date "2000.09.02"]
[Round "?"]
[White "MM3Quick"]
[Black "Hossa"]
[Result "1/2-1/2"]
[WhiteElo "2261"]
[BlackElo "2374"]
[PlyCount "150"]
[EventDate "2000.??.??"]

1. e4 e5 2. Nf3 Nc6 3. Bc4 Bc5 4. d3 Nf6 5. O-O d6 6. Bb3 Bg4 7. c3 O-O 8. Bg5
h6 9. Bh4 g5 10. Bg3 Nh5 11. Nbd2 Nxg3 12. hxg3 Qf6 13. Qe2 a5 14. a3 a4 15.
Ba2 Na5 16. Rae1 b5 17. Qd1 Ra6 18. Qc2 h5 19. d4 exd4 20. e5 Qf5 21. Qxf5 Bxf5
22. cxd4 Ba7 23. Ne4 g4 24. Nh4 Bxe4 25. Rxe4 dxe5 26. Rxe5 Rd8 27. Rg5+ Kf8
28. Nf5 Bxd4 29. Nxd4 Rxd4 30. Rxb5 Rd2 31. Rb1 Nb3 32. Bxb3 axb3 33. Rxb3 Rb6
34. Rxb6 cxb6 35. a4 Kg7 36. b4 Ra2 37. a5 bxa5 38. b5 Rc2 39. b6 Rc8 40. Rb5
a4 41. Rxh5 a3 42. Ra5 Rc1+ 43. Kh2 Rc6 44. b7 Rh6+ 45. Kg1 Rb6 46. Rxa3 Rxb7
47. Ra4 f5 48. f3 gxf3 49. gxf3 Rb2 50. Ra6 Re2 51. Kf1 Rc2 52. Rb6 Kf7 53. Rh6
Ke7 54. g4 Rc1+ 55. Ke2 fxg4 56. fxg4 Rc2+ 57. Kf3 Rc3+ 58. Kf4 Rc4+ 59. Kf5
Kf7 60. Rh7+ Kg8 61. Rd7 Rc5+ 62. Kg6 Rc6+ 63. Kh5 Rc5+ 64. g5 Re5 65. Kh6 Re6+
66. g6 Re8 67. Rd6 Rf8 68. Ra6 Re8 69. g7 Rd8 70. Rb6 Re8 71. Rc6 Rd8 72. Ra6
Rc8 73. Rf6 Rd8 74. Rf8+ Rxf8 75. gxf8=Q+ Kxf8 1/2-1/2